• 首页
  • 本馆介绍
  • 公告通知
  • 最新文献
  • 馆藏检索
  • 电子资源
  • 读者导购
  • 参考咨询
  • 我的图书馆
  • 登录
  • 详细信息显示
  • 放入我的书架
  • 预约/预借图书
  • 作者相关作品
  • 分类相关作品
  • 丛书相关作品
  • 出版社相关作品

书目信息

  • 表格格式
  • 工作单格式
  • 卡片格式
题名:
功能化介孔材料捕集CO2研究
    
 
作者: 周凌云 , 李涵 , 梁方方 方著
分册:  
出版信息: 北京   中国科学技术出版社  2019.3
页数: 118页
开本: 19cm
丛书名:
单 册:
中图分类: X701.7 , TB383
科图分类:
主题词: 多孔性材料--应用--二氧化碳--吸附--研究
电子资源:
ISBN: 978-7-5046-8231-4
000 01114nam0 2200265 45
001 012001003793
005 20131105164425.0
010    @a978-7-5046-8231-4@dCNY58.00
100    @a20190131d2019 em y0chiy0110 ea
101 0  @achi
102    @aCN@b110000
105    @ay z 000yy
106    @ar
200 1  @a功能化介孔材料捕集CO2研究@9gong neng hua jie kong cai liao bu ji C O 2 yan jiu@f周凌云,李涵,梁方方著
210    @a北京@c中国科学技术出版社@d2019.3
215    @a118页@d19cm
330    @a本书主要针对目前碳捕集领域存在的问题,开发了几种包含金属有机骨架和硅基介孔材料在内的具有高CO2捕集能力、高选择性、高吸脱附动力学的新型碳捕集胺功能化材料,并对其吸收机理进行了深入研究。本书可供高等院校以及科研院所环境和化工相关专业的教师和研究生参考,也可供环境保护和相关专业的科技工作者及在厂矿企业工作的工程技术人员参考。
606 0  @a多孔性材料@x应用@x二氧化碳@x吸附@x研究
690    @aX701.7@v5
690    @aTB383@v5
701  0 @a周凌云@9zhou ling yun@4方著
701  0 @a李涵@9li han@4方著
701  0 @a梁方方@9liang fang fang@4著
801  0 @aCN@b上海新华@c20191020
905    @b1206664-7@dX701.7@e319@f4
    
    功能化介孔材料捕集CO2研究/周凌云,李涵,梁方方著.-北京:中国科学技术出版社,2019.3
    118页;19cm
    
    
    ISBN 978-7-5046-8231-4:CNY58.00
    本书主要针对目前碳捕集领域存在的问题,开发了几种包含金属有机骨架和硅基介孔材料在内的具有高CO2捕集能力、高选择性、高吸脱附动力学的新型碳捕集胺功能化材料,并对其吸收机理进行了深入研究。本书可供高等院校以及科研院所环境和化工相关专业的教师和研究生参考,也可供环境保护和相关专业的科技工作者及在厂矿企业工作的工程技术人员参考。
●
相关链接 在E读中查询图书 在五车中查询图书 在当当中查询图书 在豆瓣中查询图书


正题名:功能化介孔材料捕集CO2研究     索取号:X701.7/319         预约/预借

序号 登录号 条形码 馆藏地/架位号 状态 备注
1 1206664   212066645   第二样本阅览室/ [索取号:X701.7/319] 在馆    
2 1206665   212066654   第三借阅区/ [索取号:X701.7/319] 在馆    
3 1206666   212066663   第三借阅区/ [索取号:X701.7/319] 在馆    
4 1206667   212066672   第三借阅区/ [索取号:X701.7/319] 在馆    
唐山师范学院图书馆 欢迎您!
大连网信软件有限公司© 版权所有